Zborník prác Výskumného ústavu dopravného č. 52

Na minha lista:
Detalhes bibliográficos
Formato: Livro
Idioma:eslovaco
Publicado em: Praha Nakladatelství dopravy a spojů 1987
Edição:1. vyd.
Tags: Adicionar Tag
Sem tags, seja o primeiro a adicionar uma tag!

MARC

LEADER 00000nam a2200000 4500
001 c034648
005 20221219095624.3
041 0 |a slo 
044 |a CZ 
245 1 0 |a Zborník prác Výskumného ústavu dopravného č. 52 
250 |a 1. vyd. 
264 1 |a Praha  |b Nakladatelství dopravy a spojů  |c 1987 
300 |a 207 s.